Statistics for Click the Fiona Apple Song Title Ending

Click here to take the quiz!

General Stats

  • This quiz has been taken 58 times
  • The average score is 18 of 21

Answer Stats

HintAnswer% Correct
PaperBag
94%
Under theTable
94%
Fetch theBolt Cutters
91%
Get HimBack
89%
Sleep toDream
89%
PartingGift
87%
ForHer
87%
Never is aPromise
87%
On theBound
85%
Every SingleNight
85%
Anything WeWant
85%
LeftAlone
83%
HotKnife
81%
Not AboutLove
81%
ExtraordinaryMachine
81%
The FirstTaste
81%
LoveRidden
77%
PaleSeptember
77%
OhWell
77%
The Child isGone
72%
HeavyBalloon
70%

Score Distribution

Percentile by Number Answered

Percent of People with Each Score

Your Score History

You have not taken this quiz